| 000 | 01355cad a22002415a 4500 | ||
|---|---|---|---|
| 001 | L155181 | ||
| 008 | 120308s2012 xxk f 000 0 eng d | ||
| 035 | _a(Sirsi) u155181 | ||
| 041 | 0 | _aeng | |
| 110 | 2 |
_aPye Tait Consulting _96027 |
|
| 245 | 0 | 0 | _aResearch to support the development of a Green Deal competency framework |
| 260 |
_aHarrogate _bPye Tait Consulting _c2012 |
||
| 520 | _aReport warns of the immense challenges ahead to train the built environment workforce and its learning providers for the launch of the Green Deal. Concerns include that the workforce lacked knowledge in areas such as building fabrics and the impact energy efficiency measures have on different types of buildings. However SME's will be able to profit from the scheme partly through winning work through subcontracting for larger firms. The study surveyed more than 400 employers and training providers from the energy assessment, advice and construction sectors in England, Wales and Scotland. | ||
| 590 | _aKA NTK | ||
| 651 | 4 | _aUnited Kingdom | |
| 690 |
_aEnergy _96237 |
||
| 690 |
_aSustainability _96271 |
||
| 710 | 1 |
_aConstruction Skills _95689 |
|
| 710 | 1 |
_aAsset Skills _95165 |
|
| 710 | 1 | _aSummitSkills | |
| 856 | 4 | 0 |
_uhttps://www.assetskills.org/GreenSkills/PyeTateReportJan12.aspx _zView the report free of charge at www.assetskills.org |
| 942 | _n0 | ||
| 999 |
_c113374 _d113374 |
||